Szczegóły MARC21

Urbanization and development in Asia : multidimensional perspectives /

005 -DATA I CZAS OSTATNIEJ MODYFIKACJI [,]
    • @
    • pole kontrolne
    • 20140528151935.0
020 -Międzynarod. znormalizowany nr książki - ISBN [ , ]
    • a
    • Numer ISBN
    • 0198078536 Find
020 -Międzynarod. znormalizowany nr książki - ISBN [ , ]
    • a
    • Numer ISBN
    • 9780198078531 Find
040 -Instytucja sporządzająca opis [ , ]
    • a
    • Instytucja, która sporządziła opis (NP)
    • SZCZ U/DL
    • c
    • Instytucja, która sporządziła rekord (NP)
    • SZCZ U/DL
    • d
    • Instytucja, która zmodyfikowała rekord (P)
    • SZCZ U/ML
041 -Język dokumentu [0, ]
    • a
    • Język tekstu (P)
    • angielski
044 -Kraj miejsca wydania [ , ]
    • a
    • Kraj miejsca wydania
    • Indie
942 -Rodzaj dokumentu [ , ]
    • c
    • Rodzaj dokumentu
    • Książka
245 -Strefa tytułu i oznaczenia odpowiedzialności [0,0]
    • a
    • Tytuł
    • Urbanization and development in Asia : Find
    • b
    • Ciąg dalszy tytułu (NP)
    • multidimensional perspectives / Find
    • c
    • Pozostałe elementy strefy tytułu i oznaczenia odpowiedzialności (NP)
    • ed. by Jo Beall, Basudeb Guha-Khasnobis, Ravi Kanbur;
260 -Strefa adresu wydawniczego [ , ]
    • a
    • Miejsce wydania (P)
    • New Delhi :
    • b
    • Nazwa wydawcy (P)
    • Oxford University Press,
    • c
    • Data wydania (P)
    • 2012.
300 -Strefa opisu fizycznego [ , ]
    • a
    • Określenie formy książki i/lub objętość (NP)
    • XII, 336 s. :
    • b
    • Oznaczenie ilustracji (NP)
    • il. ;
    • c
    • Format (NP)
    • 24 cm.
504 -Uwaga dot. bibliogr. załącznikowej [ , ]
    • a
    • Uwaga dot. bibliografii załącznikowej
    • Bibliogr. po rozdziałach.
080 -Uniwersalna Klasyfikacja Dziesiętna [ , ]
    • 2
    • Identyfikator wydania tablic
    • UDC-P058
    • 9
    • UKD
    • 6792
    • a
    • Symbol klasyfikacji
    • 911.375
    • b
    • Dopowiedzenie
    • Miasta. Geografia miast. Urbanizacja.
    • 4
    • UKD2
    • 11117
    • x
    • Poddział wspólny
    • (5)
    • c
    • Dopowiedzenie poddz. wspólnego
    • (Azja).
    • 4
    • UKD2
    • 7644
    • x
    • Poddział wspólny
    • =111
    • c
    • Dopowiedzenie poddz. wspólnego
    • =Język angielski.
080 -Uniwersalna Klasyfikacja Dziesiętna [ , ]
    • 2
    • Identyfikator wydania tablic
    • UDC-P058
    • 9
    • UKD
    • 5998
    • a
    • Symbol klasyfikacji
    • 711.4/.8
    • b
    • Dopowiedzenie
    • Urbanistyka. Planowanie miast. Aglomeracja.
    • 4
    • UKD2
    • 11117
    • x
    • Poddział wspólny
    • (5)
    • c
    • Dopowiedzenie poddz. wspólnego
    • (Azja).
    • 4
    • UKD2
    • 7644
    • x
    • Poddział wspólny
    • =111
    • c
    • Dopowiedzenie poddz. wspólnego
    • =Język angielski.
080 -Uniwersalna Klasyfikacja Dziesiętna [ , ]
    • 2
    • Identyfikator wydania tablic
    • UDC-P058
    • 9
    • UKD
    • 2960
    • a
    • Symbol klasyfikacji
    • 330.34
    • b
    • Dopowiedzenie
    • Rozwój gospodarczy.
    • 4
    • UKD2
    • 11117
    • x
    • Poddział wspólny
    • (5)
    • c
    • Dopowiedzenie poddz. wspólnego
    • (Azja).
    • 4
    • UKD2
    • 7644
    • x
    • Poddział wspólny
    • =111
    • c
    • Dopowiedzenie poddz. wspólnego
    • =Język angielski.
980 -Symbol UKD [ , ]
    • a
    • UKD
    • 911.375:711.4/.8:330.34](5)=111
700 -Hasło dodatkowe - nazwa osobowa [1, ]
    • 9
    • KHW
    • 71147
    • a
    • Nazwa osobowa (NP)
    • Beall, Jo Find
    • d
    • Daty biograficzne (NP)
    • (1952- ).
    • e
    • Określenie rodzaju współpracy
    • Red.
700 -Hasło dodatkowe - nazwa osobowa [1, ]
    • 9
    • KHW
    • 71148
    • a
    • Nazwa osobowa (NP)
    • Guha-Khasnobis, Basudeb Find
    • d
    • Daty biograficzne (NP)
    • (1960- ).
    • e
    • Określenie rodzaju współpracy
    • Red.
700 -Hasło dodatkowe - nazwa osobowa [1, ]
    • 9
    • KHW
    • 71149
    • a
    • Nazwa osobowa (NP)
    • Kanbur, S. M. Ravi. Find
    • e
    • Określenie rodzaju współpracy
    • Red.
710 -Hasło dodatkowe - nazwa ciała zbiorowego [2, ]
    • 4
    • Kod relacji
    • pbl
    • 9
    • KHW
    • 612839
    • a
    • Nazwa ciała zbiorowego lub nazwa geograficzna jako pierwszy element (NP)
    • Oxford University Press.
920 -ISBN [ , ]
    • a
    • ISBN
    • 0-19-807853-6 Find
920 -ISBN [ , ]
    • a
    • ISBN
    • 978-0-19-807853-1 Find
Status udost. Numer inwentarzowy Lokalizacja Data inwentaryzacji Obwoluta
-2T.15578T2014-03-251